ARRUPE JESUIT UNIVERSITY

CORONAVIRUS -STOP THE SPREAD - CLEAN,DISINFECT,COVER

International politics on the world stage / (Record no. 120410)

MARC details
000 -LEADER
fixed length control field 01353cam a22003254a 4500
001 - CONTROL NUMBER
control field 14814380
003 - CONTROL NUMBER IDENTIFIER
control field ARRUPE
005 - DATE AND TIME OF LATEST TRANSACTION
control field 20140410141437.0
008 - FIXED-LENGTH DATA ELEMENTS--GENERAL INFORMATION
fixed length control field 070419s2008 mauab b 001 0 eng
010 ## - LIBRARY OF CONGRESS CONTROL NUMBER
LC control number 2007016456
020 ## - INTERNATIONAL STANDARD BOOK NUMBER
International Standard Book Number 9780073403885 (acidfree paper)
020 ## - INTERNATIONAL STANDARD BOOK NUMBER
International Standard Book Number 0073403881 (acidfree paper)
040 ## - CATALOGING SOURCE
Original cataloging agency DLC
Transcribing agency DLC
Modifying agency DLC
050 00 - LIBRARY OF CONGRESS CALL NUMBER
Classification number JZ1305
Item number .R68 2008
082 00 - DEWEY DECIMAL CLASSIFICATION NUMBER
Classification number 327
Edition number 22
300 ## - PHYSICAL DESCRIPTION
Other physical details col. ill., col. maps ;
Dimensions 25 cm.
100 1# - MAIN ENTRY--PERSONAL NAME
Personal name Rourke, John T.,
Dates associated with a name 1945-
9 (RLIN) 9883
245 10 - TITLE STATEMENT
Title International politics on the world stage /
Statement of responsibility, etc John T. Rourke.
250 ## - EDITION STATEMENT
Edition statement 12th ed.
260 ## - PUBLICATION, DISTRIBUTION, ETC. (IMPRINT)
Place of publication, distribution, etc Boston :
Name of publisher, distributor, etc McGraw-Hill,
Date of publication, distribution, etc c2008.
300 ## - PHYSICAL DESCRIPTION
Extent 1 v. (various pagings) :
504 ## - BIBLIOGRAPHY, ETC. NOTE
Bibliography, etc Includes bibliographical references and index.
650 #0 - SUBJECT ADDED ENTRY--TOPICAL TERM
Topical term or geographic name as entry element International relations.
9 (RLIN) 9884
650 #0 - SUBJECT ADDED ENTRY--TOPICAL TERM
Topical term or geographic name as entry element World politics
Chronological subdivision 1989-
9 (RLIN) 32
856 41 - ELECTRONIC LOCATION AND ACCESS
Materials specified Table of contents only
Uniform Resource Identifier <a href="http://www.loc.gov/catdir/toc/ecip0716/2007016456.html">http://www.loc.gov/catdir/toc/ecip0716/2007016456.html</a>
856 42 - ELECTRONIC LOCATION AND ACCESS
Materials specified Contributor biographical information
Uniform Resource Identifier <a href="http://www.loc.gov/catdir/enhancements/fy0745/2007016456-b.html">http://www.loc.gov/catdir/enhancements/fy0745/2007016456-b.html</a>
856 42 - ELECTRONIC LOCATION AND ACCESS
Materials specified Publisher description
Uniform Resource Identifier <a href="http://www.loc.gov/catdir/enhancements/fy0808/2007016456-d.html">http://www.loc.gov/catdir/enhancements/fy0808/2007016456-d.html</a>
906 ## - LOCAL DATA ELEMENT F, LDF (RLIN)
a 7
b cbc
c orignew
d 1
e ecip
f 20
g y-gencatlg
942 ## - ADDED ENTRY ELEMENTS (KOHA)
Source of classification or shelving scheme Library of Congress Classification
Koha item type Monograph ( Printed materials)
Holdings
Withdrawn status Lost status Source of classification or shelving scheme Damaged status Not for loan Collection code Home library Current library Shelving location Date acquired Total Checkouts Full call number Barcode Date last seen Date checked out Price effective from Koha item type
    Library of Congress Classification     Main Collection ARRUPE LIBRARY ARRUPE LIBRARY Main Collection 10/04/2014 1 JZ1305 .R68 2008 46500001676 26/06/2018 22/09/2016 10/04/2014 Monograph ( Printed materials)
    Library of Congress Classification       ARRUPE LIBRARY ARRUPE LIBRARY   26/01/2015   JZ1305 .R68 2008   26/01/2015   26/01/2015 Monograph ( Printed materials)

 

Arrupe Library. PO Box MP320 Mt Pleasant, Harare, Zimbabwe
263 242 745411|librarian@aju.ac.zw